000 00681nam a22002177a 4500
999 _c10706
_d10706
003 AR-CdUCM
008 190401b ||||| |||| 00| 0 spa d
040 _aMUNICIPALIDAD PROVINCIAL DEL CUSCO
_cBIBLIOTECA MUNICIPAL DEL CUSCO
082 _aES / 800 /
_bM41
100 _aMelville, Herman
_91506
245 _aEl Enigma del Santo Domingo /
260 _aBarcelona :
_bMateu.
300 _a253 páginas ;
_c20cm
_bIlustraciones
440 _aColección Juvenil Cadete
_n13
_927696
505 _aContenido: Novela
650 _aNovela
_9572
650 _aLiteratura juvenil
_91580
700 _aScholz, Víctor (traducción)
_914518
942 _2ddc
_cLIBROS
945 _anom